000
00237 a2200097 4500
001
30522
100
_a
Mannheim
245
_a
Introduction to the sociology of Education
260
_a
NY
_b
Routledge & Kegan Paul
_c
090
_c
20453
_d
20453
942
_a
NUST-CAE
_c
M
_c
11618
999
_c
265595
_d
265595